History Quiz

Random History or Play Quiz

(EM) William I the Conqueror: Historically Speaking I Quiz Stats

 Plays Quiz not verified by Sporcle

Score 0/27 Timer 11:00
1 Play Today
% Correct
Normandy
90.2%
Normandy
85.8%
Jerusalem
85.8%
Robert I the Magnificient, Robert the Devil
85.1%
Illegitimate
84.4%
French
82.7%
Herleva of Falaise, Arlette
82.4%
Westminster
81.7%
Matilda
81.4%
Gold
81.4%
Alexander II
79.3%
Tanner
79.3%
Falaise, Normandy
76.9%
Henry I
76.3%
% Correct
William's court jester
71.9%
Bayeux
71.5%
Treuga Dei, Truce of God
70.5%
Edgar the Ætheling
67.8%
Harold II Godwinson
66.8%
Bayeux
66.8%
Battle of Stamford Bridge
62.4%
Edward the Confessor
61.4%
Seniac Hill (present-day Battle, East Sussex)
60%
Val-ès-Dunes
53.9%
Stigand
53.6%
Hastings
52.5%
Edgar the Ætheling
46.8%

You're not logged in!

Compare scores with friends on all Sporcle quizzes.
OR
Log In

Show Comments

Extras

Top Quizzes Today


Score Distribution

Your Account Isn't Verified!

In order to create a playlist on Sporcle, you need to verify the email address you used during registration. Go to your Sporcle Settings to finish the process.

Report this User

Report this user for behavior that violates our Community Guidelines.

Details: